000 005150000a22001930004500
001 003116
003 MACL
005 20151023155718.0
008 151023b xxu||||| |||| 00| 0 eng d
040 _aMACL
_cMACL
041 _aEnglish
082 _a923.1/HAM
100 _aHameed, Syeda Saiyidain
_916536
245 _aZakir Husain
_bTeacher Who Become President
_cSyeda Saiyidain Hameed
260 _aDelhi
_c2000
_bHar-Anand Publication,
350 _a595
650 _aBiography
_916537
942 _k923
_cBK
_2ddc
999 _c15022
_d15022